000 00337nam a2200133 4500
999 _c508950
_d508950
008 190416b ||||| |||| 00| 0 eng d
100 _aTomar, Narendra Singh
_94478
245 _aSabki yojana, sabka vikas
260 _c2018
300 _ap.26-30.
773 _aKurukshetra
906 _aVillage panchayats - India
942 _2ddc
_cAR